Oftalmología en la práctica de la medicina general / (Registro nro. 55506)
[ vista simple ]
| 000 -LEADER | |
|---|---|
| fixed length control field | 01067cam a2200301 i 4500 |
| 001 - CONTROL NUMBER | |
| control field | 55506 |
| 003 - CONTROL NUMBER IDENTIFIER | |
| control field | Mx-PuUPA |
| 005 - DATE AND TIME OF LATEST TRANSACTION | |
| control field | 20211201103652.0 |
| 008 - FIXED-LENGTH DATA ELEMENTS--GENERAL INFORMATION | |
| fixed length control field | 140415s2009 mx a fr 001 0 spa d |
| 020 ## - INTERNATIONAL STANDARD BOOK NUMBER | |
| International Standard Book Number | 9789701069295 |
| 020 ## - INTERNATIONAL STANDARD BOOK NUMBER | |
| International Standard Book Number | 9701069293 |
| 040 ## - CATALOGING SOURCE | |
| Original cataloging agency | Mx-PuUPA |
| Language of cataloging | spa |
| Transcribing agency | Mx-PuUPA |
| Modifying agency | Mx-PuUPA |
| Description conventions | rda |
| 041 0# - LANGUAGE CODE | |
| Language code of text/sound track or separate title | spa |
| 245 00 - TITLE STATEMENT | |
| Title | Oftalmología en la práctica de la medicina general / |
| Statement of responsibility, etc. | Enrique Graue Wiechers, [editor] |
| 250 ## - EDITION STATEMENT | |
| Edition statement | Tercera edición |
| 264 #1 - PRODUCTION, PUBLICATION, DISTRIBUTION, MANUFACTURE, AND COPYRIGHT NOTICE | |
| Place of production, publication, distribution, manufacture | México, D.F. : |
| Name of producer, publisher, distributor, manufacturer | Universidad Nacional Autónoma de México : McGraw-Hill Interamericana, |
| Date of production, publication, distribution, manufacture, or copyright notice | ©2009 |
| 300 ## - PHYSICAL DESCRIPTION | |
| Extent | vii, 312 páginas : |
| Other physical details | ilustraciones (principalmente color) ; |
| Dimensions | 24 cm |
| 336 ## - CONTENT TYPE | |
| Fuente | rdacontent |
| Content type term | texto |
| Content type code | txt |
| 336 ## - CONTENT TYPE | |
| Fuente | rdacontent |
| Content type term | imagen fija |
| Content type code | sti |
| 337 ## - MEDIA TYPE | |
| Source | rdamedia |
| Media type term | sin medio |
| Media type code | n |
| 338 ## - CARRIER TYPE | |
| Source | rdacarrier |
| Carrier type term | volumen |
| Carrier type code | nc |
| 650 #7 - SUBJECT ADDED ENTRY--TOPICAL TERM | |
| Topical term or geographic name entry element | Oftalmología |
| Source of heading or term | armarc |
| 650 #7 - SUBJECT ADDED ENTRY--TOPICAL TERM | |
| Topical term or geographic name entry element | Ojos |
| General subdivision | Enfermedades y defectos |
| Source of heading or term | armarc |
| 700 1# - ADDED ENTRY--PERSONAL NAME | |
| Personal name | Graue Wiechers, Enrique, |
| Relator term | editor |
| -- | autor |
| 942 ## - ADDED ENTRY ELEMENTS (KOHA) | |
| Source of classification or shelving scheme | Dewey Decimal Classification |
| Koha item type | Libro |
| Classification part | 617.7 |
| Item part | O33 |
| Withdrawn status | Lost status | Source of classification or shelving scheme | Damaged status | Not for loan | Collection code | Home library | Current library | Shelving location | Date acquired | Source of acquisition | Full call number | Barcode | Price effective from | Koha item type | Total Checkouts | Total Renewals | Checked out | Date last seen | Date last checked out | Copy number |
|---|---|---|---|---|---|---|---|---|---|---|---|---|---|---|---|---|---|---|---|---|
| No inventariado | Dewey Decimal Classification | Consulta en sala | General | Biblioteca Karol Wojtyla | Biblioteca Karol Wojtyla | Sala general | 03/12/2013 | Compra | 617.7 GRA 2009 | 86908 | 15/01/2015 | Reserva permanente | ||||||||
| Dewey Decimal Classification | General | Biblioteca Karol Wojtyla | Biblioteca Karol Wojtyla | Sala general | 03/12/2013 | Compra | 617.7 O33 2009 | 88500 | 15/01/2015 | Libro | 3 | 2 | 02/06/2026 | 12/05/2026 | 12/05/2026 | Ej.14 | ||||
| Dewey Decimal Classification | General | Biblioteca Karol Wojtyla | Biblioteca Karol Wojtyla | Sala general | 03/12/2013 | Compra | 617.7 O33 2009 | 86855 | 15/01/2015 | Libro | 18 | 7 | 05/01/2026 | 31/01/2024 | Ej.5 | |||||
| Extraviado | Dewey Decimal Classification | Biblioteca Karol Wojtyla | Biblioteca Karol Wojtyla | 03/12/2013 | Compra | 617.7 GRA 2009 | 86853 | 15/01/2015 | Libro | |||||||||||
| Dewey Decimal Classification | General | Biblioteca Karol Wojtyla | Biblioteca Karol Wojtyla | Sala general | 03/12/2013 | Compra | 617.7 O33 2009 | 88501 | 15/01/2015 | Libro | 5 | 2 | 06/02/2026 | 22/01/2026 | Ej.15 | |||||
| Dewey Decimal Classification | General | Biblioteca Karol Wojtyla | Biblioteca Karol Wojtyla | Sala general | 03/12/2013 | Compra | 617.7 O33 2009 | 86851 | 15/01/2015 | Reserva permanente | 11 | 6 | 05/01/2026 | 18/02/2020 | Ej.2 | |||||
| Dewey Decimal Classification | General | Biblioteca Karol Wojtyla | Biblioteca Karol Wojtyla | Sala general | 03/12/2013 | Compra | 617.7 GRA 2009 | 86854 | 15/01/2015 | Libro | 13 | 4 | 05/01/2026 | 07/05/2025 | Ej.3 | |||||
| Dewey Decimal Classification | General | Biblioteca Karol Wojtyla | Biblioteca Karol Wojtyla | Sala general | 03/12/2013 | Compra | 617.7 O33 2009 | 88497 | 15/01/2015 | Libro | 5 | 1 | 05/01/2026 | 11/09/2025 | Ej.11 | |||||
| Dewey Decimal Classification | General | Biblioteca Karol Wojtyla | Biblioteca Karol Wojtyla | Sala general | 03/12/2013 | Compra | 617.7 O33 2009 | 86852 | 15/01/2015 | Reserva permanente | 13 | 4 | 05/01/2026 | 03/09/2021 | Ej.4 | |||||
| Dewey Decimal Classification | General | Biblioteca Karol Wojtyla | Biblioteca Karol Wojtyla | Sala general | 03/12/2013 | Compra | 617.7 O33 2009 | 88496 | 15/01/2015 | Libro | 7 | 1 | 05/01/2026 | 31/10/2025 | Ej.10 | |||||
| Dewey Decimal Classification | General | Biblioteca Karol Wojtyla | Biblioteca Karol Wojtyla | Sala general | 03/12/2013 | Compra | 617.7 O33 2009 | 88498 | 15/01/2015 | Libro | 3 | 1 | 05/01/2026 | 25/09/2025 | Ej.12 | |||||
| Dewey Decimal Classification | General | Biblioteca Karol Wojtyla | Biblioteca Karol Wojtyla | Sala general | 03/12/2013 | Compra | 617.7 O33 2009 | 88495 | 15/01/2015 | Libro | 4 | 1 | 05/01/2026 | 15/08/2023 | Ej.9 | |||||
| Dewey Decimal Classification | General | Biblioteca Karol Wojtyla | Biblioteca Karol Wojtyla | Sala general | 03/12/2013 | Compra | 617.7 O33 2009 | 83282 | 11/07/2018 | Reserva permanente | 05/01/2026 | |||||||||
| Dewey Decimal Classification | General | Biblioteca Karol Wojtyla | Biblioteca Karol Wojtyla | Sala general | 03/12/2013 | Compra | 617.7 O33 2009 | 88499 | 15/01/2015 | Libro | 4 | 1 | 05/01/2026 | 31/08/2024 | Ej.13 | |||||
| Dewey Decimal Classification | General | Biblioteca Karol Wojtyla | Biblioteca Karol Wojtyla | Sala general | 03/12/2013 | Compra | 617.7 O33 2009 | 88493 | 15/01/2015 | Libro | 3 | 2 | 05/01/2026 | 04/09/2025 | Ej.7 | |||||
| Dewey Decimal Classification | General | Biblioteca Karol Wojtyla | Biblioteca Karol Wojtyla | Sala general | 03/12/2013 | Compra | 617.7 O33 2009 | 88494 | 15/01/2015 | Libro | 4 | 1 | 05/01/2026 | 08/10/2025 | Ej.8 | |||||
| Dewey Decimal Classification | General | Biblioteca Karol Wojtyla | Biblioteca Karol Wojtyla | Sala general | 03/12/2013 | Compra | 617.7 O33 2009 | 88502 | 15/01/2015 | Libro | 10 | 4 | 20/02/2026 | 09/02/2026 | Ej.16 | |||||
| No inventariado | Dewey Decimal Classification | Biblioteca Karol Wojtyla | Biblioteca Karol Wojtyla | 03/12/2013 | Compra | 617.7 GRA 2009 | 86907 | 15/01/2015 | Libro | 1 | 16/03/2019 | 22/01/2014 | ||||||||
| Dewey Decimal Classification | General | Biblioteca Karol Wojtyla | Biblioteca Karol Wojtyla | Sala general | 03/12/2013 | Compra | 617.7 O33 2009 | 88492 | 15/01/2015 | Libro | 6 | 2 | 09/04/2026 | 06/04/2026 | Ej.6 |